demon slayer quiz - Statistics

General Stats
  • This quiz has been taken 784 times
  • The average score is 20 of 25
Answer Stats
Hint Answer % Correct
main character Tanjiro
99%
adorable side character Nezuko
98%
Main villain Muzan
93%
scared side character Zenitsu
93%
Water hashira Giyu
92%
loud side character Inosuke
92%
uppermoon 3 i hate this guy Akaza
91%
Fire hashira Rengoku
91%
Insect hashira Shinobu
90%
Love hashira Mitsuri
88%
Uppermoon 6 Daki
85%
Sound hashira Uzui
85%
Wind hashira Sanemi
84%
Stone hashira Gyomei
83%
Main Characters Lover- i mean "friend" Kanao
82%
Mist hashira Muichiro
82%
Real uppermoon 6 Gyutaro
80%
Demon docter Tamayo
80%
Serpent hashira Iguro
75%
Cook in butterfly mansion i think Aoi
72%
Main characters dad Tanjuro
68%
Demon docter assistant Yushiro
67%
Who helped main character train? Sabito
64%
Main characters mom Kie
60%
Who helped encourage the main character during training? Makomo
55%
No matching quizzes found
Score Distribution
Percent of People with Each Score
Percentile by Number Answered
Your Score History
You have not taken this quiz